Statystyki dla Postacie z Harry'ego Potter'a

Kliknij tutaj aby rozwiązać quiz!

Ogólne statystyki

  • Ten quiz został rozwiązany 389 razy
  • Średni wynik to 10 z 24

Statystyki odpowiedzi

Opis postaciOdpowiedź% Poprawnych
Główny bohater serii, chłopiec który przeżył.Harry Potter
100%
Najlepszy przyjaciel Harry'ego.Ron Weasley
96%
Najmądrzejsza uczennica na roku Harry'ego, przyszła żona Rona.Hermiona Granger
94%
Nauczyciel transmutacji oraz Obrony przed Czarną Magią, następnie wieloletni dyrektor Hogwartu.Albus Dumbledore
78%
Brat Rona, pracuje dla banku Gringotta jako łamacz zaklęć.Bill Weasley
60%
Matka Malfoy'a, siostra Bellatrix Lestrange.Narcyza Malfoy
59%
Żona Remusa Lupina, była metamorfomagiem.Nimfadora Tonks
59%
Siostra matki Harry'ego, mugolka.Petunia Dursley
58%
Nauczyciel Elikisrów od 1996 roku, stary znajomy Dumbledore'a lubił "kolekcjonować" utalentowanych czarodziejów i czarodziejki.Horacy Slughorn
48%
Żona Billa, uczestniczka turnieju trójmagicznego w 1994 roku.Fleur Delacour
47%
Brat Syriusza Blacka, były smierciożerca, zwrócił się przeciw Mrocznemu Panu.Regulus Arcturus Black
47%
Jego najlepszy przyjaciel z przeszłości, jeden z najniebezpieczniejszych czarnoksiężników w historii.Gellert Grindelwald
44%
Mentor Tonks, najlepszy auror swoich czasów.Alastor Moody
39%
Córka Roweny Ravenclaw, później znana jako Szara Dama.Helena Ravenclaw
38%
Przyrodni brat Hagrida.Graup
37%
Sąsiadka Dumbledore'a, autorka "Dziejów magii".Bathilda Bagshot
25%
Autor "Fantastycznych Zwierząt", wieloletni przyjaciel Dumbledore'a.Newton Scamander
24%
Twórca Fasolek Wszystkich Smaków.Bertie Bott
18%
Brat powyższej postaci.Tezeusz Scamander
16%
Były śmierciożerca, dyrektor Instytutu Magii Durmstrang w trakcie czwartego roku Harry'ego w Hogwarcie.Igor Karkaroff
12%
Maledictus występuje zarówno w głównej serii jak i w filmach serii "Fanstastyczne Zwierzęta".Nagini
10%
Przyjaciółka Cho Chang, wydała Armię Dumbledore'a(jak potem się okazało Umbridge podała jej Veritaserum)Marietta Edgecombe
8%
Starożytny czarnoksiężnik, jako pierwszy stworzył Bazyliszka.Herpon Podły
3%
Współpracownik Artura Weasley'a z ministerstwa magii, starszy czarodziej.Perkins
3%

Rozkład punktacji

Percentyl według liczby udzielonych odpowiedzi

Procent ludzi z każdym wynikiem

Twoja historia wyników

Nie rozwiązałeś tego quizu